| 000 | 00564nam a2200217Ia 4500 | ||
|---|---|---|---|
| 999 |
_c4666 _d4666 |
||
| 003 | 0100 | ||
| 008 | 130227s9999 xx 000 0 und d | ||
| 040 | _cARRUPELIB | ||
| 050 | _aDT30.5.D44 | ||
| 100 |
_aSouthall, Roger _932070 |
||
| 245 | _aDemocracy in Africa | ||
| 245 | _bmoving beyond a dificult legacy | ||
| 260 |
_bHSRC Publishers _aSouth Africa _c2003 |
||
| 300 | _a63p. | ||
| 300 | _b 23 cm | ||
| 440 |
_aDemocracy and governance research programme, Occasional paper 2 _932071 |
||
| 650 |
_bDemocracy _zAfrica _912206 |
||
| 650 |
_bAfrica _xPolitics _y1960- _916763 |
||
| 942 |
_2lcc _04 _cMONOGRAPH |
||